Surveyors acting as expert witnesses (Record no. 108870)
[ view plain ]
| 000 -LEADER | |
|---|---|
| fixed length control field | 02947cad a22003255a 4500 |
| 001 - CONTROL NUMBER | |
| control field | L145697 |
| 008 - FIXED-LENGTH DATA ELEMENTS--GENERAL INFORMATION | |
| fixed length control field | 081030s2008 xxk f v 000 0 eng d |
| 020 ## - INTERNATIONAL STANDARD BOOK NUMBER | |
| International Standard Book Number | 9781842194287 |
| 035 ## - SYSTEM CONTROL NUMBER | |
| System control number | (Sirsi) u145697 |
| 041 0# - LANGUAGE CODE | |
| Language code of text/sound track or separate title | eng |
| 050 04 - LIBRARY OF CONGRESS CALL NUMBER | |
| Classification number | 347.41067 $2 18 |
| 110 2# - MAIN ENTRY--CORPORATE NAME | |
| Corporate name or jurisdiction name as entry element | Royal Institution of Chartered Surveyors |
| Subordinate unit | Dispute Resolution Faculty |
| 245 00 - TITLE STATEMENT | |
| Title | Surveyors acting as expert witnesses |
| Remainder of title | RICS practice statement and guidance note |
| Medium | [electronic resource] |
| 250 ## - EDITION STATEMENT | |
| Edition statement | 3rd ed. |
| 260 ## - PUBLICATION, DISTRIBUTION, ETC. | |
| Place of publication, distribution, etc. | London |
| Name of publisher, distributor, etc. | RICS |
| Date of publication, distribution, etc. | 2008 |
| 300 ## - PHYSICAL DESCRIPTION | |
| Extent | iv, 58p. |
| Dimensions | 30cm. |
| 490 #0 - SERIES STATEMENT | |
| Series statement | RICS Practice Statement |
| 490 #0 - SERIES STATEMENT | |
| Series statement | RICS Guidance Note |
| 505 2# - FORMATTED CONTENTS NOTE | |
| Formatted contents note | Surveyors acting as expert witnesses: practice statement: RICS practice statements; preamble; Principal message; application of practice statement; duty in providing expert evidence; acting as an expert witness, and instructions; inspections; reports and oral evidence; amendment of the contents of written reports; agreeing facts and resolving differences; Single Joint Expert (SJE); advocacy and expert witness roles; conditional fees |
| 505 2# - FORMATTED CONTENTS NOTE | |
| Formatted contents note | Surveyors acting as expert witnesses: guidance note: RICS guidance notes; preamble; application of guidance note and introduction; general duties; advice and disclosure; duties to the tribunal; instructions and inspections; purpose of expert evidence; evidence of fact; expert (opinion) evidence; questions to expert witnesses and answers; documents; oral evidence; advising advocates; expert witnesses' written reports; form and content of an expert witness's written report; meetings between the expert witness and the lawyer; narrowing differences and meetings between experts; Single Joint Expert; expert evidence, advocacy and a 'dual role'; basis of charging fees; conditional fees; responsibility for fees; immunity of the expert witness |
| 505 2# - FORMATTED CONTENTS NOTE | |
| Formatted contents note | Appendices: sample terms of engagement; hearsay evidence; immunity of the expert witness - exemptions; definitions -- Further reading -- Acknowledgements |
| 520 ## - SUMMARY, ETC. | |
| Summary, etc. | The practice statement sets out the mandatory duties of a surveyor in providing evidence, while the guidance note provides further information on good practice, including: the need for clear instructions and terms of engagement; fees; guidance on what to do in situations of conflict of interest; an outline of the written report format; clarification of the differences between the roles of expert witness and advocate; and the immunity of the expert witness. See also E148746 for the subsequent briefing and addendum. |
| 520 ## - SUMMARY, ETC. | |
| Summary, etc. | Superseded by 4th edition L158327. |
| 521 ## - TARGET AUDIENCE NOTE | |
| Target audience note | Advanced |
| 590 ## - LOCAL NOTE (RLIN) | |
| Local note | KA |
| 651 #4 - SUBJECT ADDED ENTRY--GEOGRAPHIC NAME | |
| Geographic name | United Kingdom |
| 690 ## - LOCAL SUBJECT ADDED ENTRY--TOPICAL TERM (OCLC, RLIN) | |
| Topical term or geographic name as entry element | MANAGEMENT-DISPUTE AVOIDANCE, MANAGEMENT AND RESOLUTION-DISPUTE MANAGEMENT AND RESOLUTION-EXPERT WITNESSES |
| 856 41 - ELECTRONIC LOCATION AND ACCESS | |
| Uniform Resource Identifier | <a href="https://www.isurv.com/downloads/download/198/surveyors_acting_as_expert_witnesses">https://www.isurv.com/downloads/download/198/surveyors_acting_as_expert_witnesses</a> |
| Public note | Archived on isurv (subscription required) |
| 942 ## - ADDED ENTRY ELEMENTS (KOHA) | |
| Suppress in OPAC | 0 |
| Source of classification or shelving scheme | Dewey Decimal Classification |
| Withdrawn status | Lost status | Damaged status | Not for loan | Home library | Current library | Shelving location | Date acquired | Total Checkouts | Full call number | Date last seen | Copy number | Price effective from | Koha item type | Source of classification or shelving scheme | Barcode | Date last checked out |
|---|---|---|---|---|---|---|---|---|---|---|---|---|---|---|---|---|
| London | London | RICS Boxes | 10/11/2008 | RICS 2008/63 | 06/08/2019 | 1 | 06/08/2019 | Archive | Dewey Decimal Classification | 30076391 | ||||||
| London | London | RICS Boxes | 10/11/2008 | RICS 2008/63 | 06/08/2019 | 2 | 06/08/2019 | Reference material | Dewey Decimal Classification | 30076392 | ||||||
| London | London | RICS Boxes | 10/11/2008 | 4 | RICS 2008/63 | 06/08/2019 | 4 | 06/08/2019 | Book | Dewey Decimal Classification | 30076394 | 18/08/2009 | ||||
| Virtual | Virtual | Online | 30/10/2008 | isurv | 10/05/2024 | 1 | 06/08/2019 | Online material |